ESL Curriculum mathematics 3

Chapter 1: Addition and Subtraction Strategies, Chapter 2: Multiplication Concept, Chapter 3: Multiplication Tables ....

Saved in:
Bibliographic Details
Format: Book
Language:Undetermined
Published: Cần Thơ Đại học Cần Thơ 2016
Subjects:
Tags: Add Tag
No Tags, Be the first to tag this record!
Institutions: Trung tâm Học liệu Trường Đại học Cần Thơ
LEADER 00719nam a2200205Ia 4500
001 CTU_229590
008 210402s9999 xx 000 0 und d
020 |c 300000 
082 |a 372.7 
082 |b E58/G.3A 
245 0 |a ESL Curriculum mathematics 3 
245 0 |c Compiled by Terrence Nobin 
260 |a Cần Thơ 
260 |b Đại học Cần Thơ 
260 |c 2016 
520 |a Chapter 1: Addition and Subtraction Strategies, Chapter 2: Multiplication Concept, Chapter 3: Multiplication Tables .... 
650 |a Toán học,Mathematics 
650 |x Dạy và học (Tiểu học),Study and teaching (Elementary) 
910 |b nthai 
980 |a Trung tâm Học liệu Trường Đại học Cần Thơ